Taylor Swift 106 - Statistics

General Stats
  • This quiz has been taken 7 times
  • The average score is 282 of 312
Answer Stats
Answer % Correct
a
100%
about
100%
all
100%
an
100%
and
100%
away
100%
be
100%
but
100%
come
100%
flowers
100%
for
100%
forever
100%
forgot
100%
fortnight
100%
functioning
100%
get
100%
I
100%
in
100%
is
100%
it
100%
it's
100%
kill
100%
life
100%
love
100%
mailbox
100%
me
100%
my
100%
new
100%
no
100%
now
100%
of
100%
on
100%
one
100%
only
100%
ruining
100%
sent
100%
supposed
100%
the
100%
there
100%
they
100%
this
100%
thought
100%
to
100%
wanna
100%
was
100%
waters
100%
we
100%
were
100%
what
100%
wife
100%
you
100%
your
100%
you're
100%
aesthetic
80%
alcoholic
80%
blame
80%
cheating
80%
drug
80%
effects
80%
endless
80%
February
80%
Florida
80%
good
80%
her
80%
here's
80%
hope
80%
husband
80%
into
80%
miracle
80%
move
80%
move-on
80%
neighbors
80%
nobody
80%
noticed
80%
okay
80%
quiet
80%
reason
80%
run
80%
say
80%
temporary
80%
'til
80%
took
80%
touch
80%
touched
80%
treason
80%
turned
80%
up
80%
want
80%
America
60%
are
60%
ask
60%
at
60%
backyard
60%
buy
60%
calling
60%
car
60%
comment
60%
him
60%
lost
60%
Mondays
60%
mornings
60%
'nother
60%
pick
60%
sometimes
60%
start
60%
stuck
60%
sweater
60%
'till
60%
together
60%
weather
60%
won't
60%
ya
60%
No matching quizzes found
Score Distribution
Percent of People with Each Score
Percentile by Number Answered
Your Score History
You have not taken this quiz